<?xml version="1.0" encoding="UTF-8"?>
<record
    xmlns:xsi="http://www.w3.org/2001/XMLSchema-instance"
    xsi:schemaLocation="http://www.loc.gov/MARC21/slim http://www.loc.gov/standards/marcxml/schema/MARC21slim.xsd"
    xmlns="http://www.loc.gov/MARC21/slim">

  <leader>00764nam a2200217 a 4500</leader>
  <controlfield tag="001">83057</controlfield>
  <controlfield tag="003">BD-RjUL</controlfield>
  <controlfield tag="005">20240212123804.0</controlfield>
  <controlfield tag="008">240212s19641332i  ||||| |||| 00| 0 per d</controlfield>
  <datafield tag="035" ind1=" " ind2=" ">
    <subfield code="a">(BD-RjUL)83057</subfield>
  </datafield>
  <datafield tag="040" ind1=" " ind2=" ">
    <subfield code="a">BD-RjUL</subfield>
    <subfield code="b">eng</subfield>
    <subfield code="c">BD-RjUL</subfield>
  </datafield>
  <datafield tag="041" ind1=" " ind2=" ">
    <subfield code="a">per</subfield>
  </datafield>
  <datafield tag="082" ind1=" " ind2=" ">
    <subfield code="2">23</subfield>
    <subfield code="a">491.5509</subfield>
    <subfield code="b">RAY 1964</subfield>
  </datafield>
  <datafield tag="100" ind1=" " ind2=" ">
    <subfield code="a">Rajai, Ahmed Ali   ;; &#x631;&#x62C;&#x627;&#x6CC;&#x6CC;, &#x627;&#x62D;&#x645;&#x62F;&#x639;&#x644;&#x6CC;</subfield>
    <subfield code="9">11668</subfield>
  </datafield>
  <datafield tag="245" ind1=" " ind2=" ">
    <subfield code="a">&#x6CC;&#x627;&#x62F;&#x62F;&#x627;&#x634;&#x62A;&#x6CC; &#x62F;&#x631;&#x628;&#x627;&#x631;&#x647; &#x644;&#x647;&#x62C;&#x647; &#x628;&#x62E;&#x627;&#x631;&#x627;&#x6CC;&#x6CC; = Remarques sur:  Le Dialecte de Bukhara /</subfield>
    <subfield code="b">&#x627;&#x62D;&#x645;&#x62F;&#x639;&#x644;&#x6CC; &#x631;&#x62C;&#x627;&#x6CC;&#x6CC;  ;; A.A. Radjai</subfield>
  </datafield>
  <datafield tag="246" ind1=" " ind2=" ">
    <subfield code="a">&#x6CC;&#x627;&#x62F;&#x62F;&#x627;&#x634;&#x62A;&#x6CC; &#x62F;&#x631;&#x628;&#x627;&#x631;&#x647; &#x644;&#x647;&#x62C;&#x647; &#x628;&#x62E;&#x627;&#x631;&#x627;&#x6CC;&#x6CC; </subfield>
  </datafield>
  <datafield tag="260" ind1=" " ind2=" ">
    <subfield code="a">Iran :</subfield>
    <subfield code="b"> ; &#x62F;&#x627;&#x646;&#x634;&#x6AF;&#x627;&#x647; &#x645;&#x634;&#x647;&#x62F;</subfield>
    <subfield code="c">1964</subfield>
  </datafield>
  <datafield tag="300" ind1=" " ind2=" ">
    <subfield code="a">491 p. ;</subfield>
    <subfield code="c">23 cm</subfield>
  </datafield>
  <datafield tag="650" ind1=" " ind2=" ">
    <subfield code="a">Bukhara Language</subfield>
    <subfield code="v">History</subfield>
    <subfield code="9">11669</subfield>
  </datafield>
  <datafield tag="942" ind1=" " ind2=" ">
    <subfield code="2">ddc</subfield>
    <subfield code="c">BK</subfield>
  </datafield>
  <datafield tag="999" ind1=" " ind2=" ">
    <subfield code="c">83057</subfield>
    <subfield code="d">83057</subfield>
  </datafield>
  <datafield tag="952" ind1=" " ind2=" ">
    <subfield code="0">0</subfield>
    <subfield code="1">0</subfield>
    <subfield code="2">ddc</subfield>
    <subfield code="4">0</subfield>
    <subfield code="7">1</subfield>
    <subfield code="8">NFIC</subfield>
    <subfield code="a">RUCL</subfield>
    <subfield code="b">RUCL</subfield>
    <subfield code="c">Reading</subfield>
    <subfield code="d">1995-03-18</subfield>
    <subfield code="l">0</subfield>
    <subfield code="o">F 491.5509 RAY 1964</subfield>
    <subfield code="r">2024-02-12 00:00:00</subfield>
    <subfield code="t">C-1</subfield>
    <subfield code="w">2024-02-12</subfield>
    <subfield code="y">BK</subfield>
  </datafield>
</record>
